CAMINOS PARA LA ALEGRIA /

TRADUCCION DE: LE CHEMIN DE JOIE

Na minha lista:
Detalhes bibliográficos
Autor principal: Evely, Louis (autor)
Formato: Livro
Edição:2a edición
Colecção:HINNENI; 50
Assuntos:
Tags: Adicionar Tag
Sem tags, seja o primeiro a adicionar uma tag!

MARC

LEADER 00000nam^a2200000^a^4500
001 000230639
005 20250521000000.0
009 20260310104445.788
035 |a 050603 
037 |a Acervo Xavier Clavigero 
082 |a 232. 954  |b EVE 
100 |a Evely, Louis  |e (autor) 
245 1 0 |a CAMINOS PARA LA ALEGRIA /  |c LOUIS EVELY; TR. ALFONSO ORTIZ GARCIA 
250 |a 2a edición 
264 |a SALAMANCA :  |b SIGUEME,  |c 1966 
300 |a 161p. 
336 |a texto  |b txt  |2 rdacontenido 
337 |a sin mediación  |b n  |2 rdamedio 
338 |a volumen  |b nc  |2 rdasoporte 
440 |a HINNENI;  |v 50 
520 |a TRADUCCION DE: LE CHEMIN DE JOIE 
649 |a XX 
650 |a Jesucristo -  |x Maestro 
650 |a Esperanza 
910 |a Fondo General 
920 |a Impresos - Libros 
930 |a Colección General 
905 |a 101 
901 |a 050603  |b IT1  |c ACC  |i 050603  |u 20250521 
902 |a https://opac.biblio.iteso.mx/vufind/Record/000230639